5HLuxD.jpg

KING HENRY VIII SENIOR AND PRIMARY SCHOOL LIBRARY OPAC

Grasslands / (Record no. 1885)

000 -LEADER
fixed length control field 01459cam a2200349 i 4500
001 - CONTROL NUMBER
control field 18876913
003 - CONTROL NUMBER IDENTIFIER
control field OSt
005 - DATE AND TIME OF LATEST TRANSACTION
control field 20230214082335.0
008 - FIXED-LENGTH DATA ELEMENTS--GENERAL INFORMATION
fixed length control field 151201s2017 mnua j b 001 0 eng c
010 ## - LIBRARY OF CONGRESS CONTROL NUMBER
LC control number 2015041993
020 ## - INTERNATIONAL STANDARD BOOK NUMBER
International Standard Book Number 9781628323498 (paperback)
040 ## - CATALOGING SOURCE
Original cataloging agency NJQ/DLC
Language of cataloging eng
Transcribing agency NJQ
Description conventions rda
Modifying agency DLC
-- KH8
042 ## - AUTHENTICATION CODE
Authentication code pcc
082 04 - DEWEY DECIMAL CLASSIFICATION NUMBER
Classification number 577.4 ARN
Edition number 23
100 1# - MAIN ENTRY--PERSONAL NAME
Personal name Arnold, Quinn M.,
Relator term author.
245 10 - TITLE STATEMENT
Title Grasslands /
Statement of responsibility, etc. Quinn M. Arnold.
264 #1 - PRODUCTION, PUBLICATION, DISTRIBUTION, MANUFACTURE, AND COPYRIGHT NOTICE
Place of production, publication, distribution, manufacture Mankato, Minnesota :
Name of producer, publisher, distributor, manufacturer Creative Education/Creative Paperbacks
Date of production, publication, distribution, manufacture, or copyright notice [2017]
300 ## - PHYSICAL DESCRIPTION
Extent 24 pages :
Other physical details color illustrations ;
Dimensions 23 cm.
336 ## - CONTENT TYPE
Content type term text
Source rdacontent
337 ## - MEDIA TYPE
Media type term unmediated
Source rdamedia
338 ## - CARRIER TYPE
Carrier type term volume
Source rdacarrier
490 0# - SERIES STATEMENT
Series statement Seedlings
504 ## - BIBLIOGRAPHY, ETC. NOTE
Bibliography, etc. note Includes bibliographical references (page 23) and index.
505 0# - FORMATTED CONTENTS NOTE
Formatted contents note Hello, grassland! -- Open spaces -- Grasses, short and tall -- Grassland plants -- Animals on the lookout -- Farmland grazing -- Grassland in action -- Goodbye, grassland! -- Picture a grassland.
520 ## - SUMMARY, ETC.
Summary, etc. "A kindergarten-level introduction to grasslands, covering their climate, plant and animal life, and such defining features as their varied grasses"--
Assigning source Provided by publisher.
521 2# - TARGET AUDIENCE NOTE
Target audience note Grade K.
650 #0 - SUBJECT ADDED ENTRY--TOPICAL TERM
Topical term or geographic name entry element Grassland ecology
Form subdivision Juvenile literature.
650 #0 - SUBJECT ADDED ENTRY--TOPICAL TERM
Topical term or geographic name entry element Grasslands
Form subdivision Juvenile literature.
906 ## - LOCAL DATA ELEMENT F, LDF (RLIN)
a 7
b cbc
c orignew
d 1
e ecip
f 20
g y-gencatlg
942 ## - ADDED ENTRY ELEMENTS (KOHA)
Source of classification or shelving scheme
Koha item type Books - Non Ficton
Holdings
Withdrawn status Lost status Source of classification or shelving scheme Damaged status Not for loan Collection code Permanent Location Current Location Shelving location Date acquired Total Checkouts Full call number Barcode Date last seen Date last checked out Price effective from Koha item type
          Non-Fiction KH8 Primary School Library KH8 Primary School Library Non Fiction 2023-02-14 9 577.4 ARN KHPL000003614 2025-12-05 2025-03-11 2023-02-14 Books - Non Ficton

Powered By KH8 IT Dept